Popular Mens Cologne Brands - Statistics

General Stats
  • This quiz has been taken 117 times
  • The average score is 11 of 15
Answer Stats
Hint Answer % Correct
Sauvage Dior
94%
Eros Versace
90%
Bleu de Chanel
88%
Acqua de Gio Giorgio Armani
86%
Born in Roma Valentino
84%
Le Male Elixir Jean Paul-Gaultier
82%
Aventus Creed
80%
Tobacco Vanille Tom Ford
77%
Afternoon Swim / Imagination Louis Vuitton
74%
Boss Bottled Infinite Hugo Boss
69%
MYSLF Yves Saint-Laurent
68%
1 Million EDT Paco Rabanne
63%
Layton Parfums De Marly
63%
Light Blue Dolce and Gabbana
51%
Hero Burberry
46%
No matching quizzes found
Score Distribution
Percent of People with Each Score
Percentile by Number Answered
Your Score History
You have not taken this quiz